All Dinosaurs in Lego Jurassic World - Statistics

General Stats
  • This quiz has been taken 33 times
  • The average score is 9 of 17
Answer Stats
Answer % Correct
Tyrannosaurus Rex
95%
Velociraptor
90%
Ankylosaurus
71%
Brachiosaurus
71%
Indominus Rex
71%
Spinosaurus
67%
Triceratops
67%
Dilophosaurus
62%
Stegosaurus
62%
Apatosaurus
57%
Gallimimus
57%
Compsognathus
43%
Mosasaurus
38%
Parasaurolophus
38%
Corythosaurus
24%
Pteradon
10%
Dimophodon
0%
No matching quizzes found
Score Distribution
Percent of People with Each Score
Percentile by Number Answered
Your Score History
You have not taken this quiz